[Event "Tan Zhongyi-Dzagnidze m"]
[Site "Wenzhou CHN"]
[Date "2018.08.11"]
[Round "1"]
[White "Dzagnidze,N"]
[Black "Tan Zhongyi"]
[Result "1/2-1/2"]
[WhiteElo "2519"]
[BlackElo "2530"]
[EventDate "2018.08.10"]

1. e4 e5 2. Nf3 Nc6 3. Bb5 Nf6 4. O-O Nxe4 5. Re1 Nd6 6. Nxe5 Nxe5 7. Rxe5+
Be7 8. Bf1 O-O 9. d4 Bf6 10. Re1 Nf5 11. d5 d6 12. Nd2 Bg5 13. Ne4 Bxc1 14.
Rxc1 Bd7 15. c4 Re8 16. Qd2 Re5 17. Bd3 Qh4 18. f4 Re7 19. c5 Rae8 20. b4
a5 21. c6 bxc6 22. dxc6 Bc8 23. bxa5 d5 24. Ng3 Ne3 25. Nf1 Nc4 26. Rxe7
Qxe7 27. Bxc4 dxc4 28. Rxc4 h6 29. Rc3 Ba6 30. Ne3 Rd8 31. Qf2 Qb4 32. Rb3
Qxa5 33. h3 Qc5 34. Qf3 Bb5 35. Kh2 Bxc6 36. Qg3 Be4 37. Ng4 Kh7 38. Re3 f5
39. Ne5 Qb6 40. Rb3 Qa6 41. Rb2 Rd6 42. h4 Qa7 43. h5 Rd1 44. Qg6+ Kg8 45.
Qe6+ Kh7 46. Qg6+ Kg8 47. Qe8+ Kh7 48. Qg6+ 1/2-1/2

[Event "Tan Zhongyi-Dzagnidze m"]
[Site "Wenzhou CHN"]
[Date "2018.08.13"]
[Round "3"]
[White "Dzagnidze,N"]
[Black "Tan Zhongyi"]
[Result "1-0"]
[WhiteElo "2519"]
[BlackElo "2530"]
[EventDate "2018.08.10"]

1. e4 e5 2. Nf3 Nc6 3. Bb5 a6 4. Ba4 Nf6 5. O-O Nxe4 6. d4 b5 7. Bb3 d5 8.
dxe5 Be6 9. c3 Be7 10. Nbd2 O-O 11. Bc2 f5 12. exf6 Nxf6 13. Qe2 Qd7 14.
Re1 Bf5 15. Bxf5 Qxf5 16. Nf1 Bd6 17. Be3 Rae8 18. Rad1 Ne5 19. Nxe5 Rxe5
20. f3 Rfe8 21. Qd2 Qe6 22. Bf2 Bc5 23. Rxe5 Bxf2+ 24. Qxf2 Qxe5 25. Qc5 h5
26. b4 h4 27. Rd3 Qe2 28. Re3 Rxe3 29. Qxe3 Qxa2 30. Qe6+ Kf8 31. Qc8+ Ne8
32. Qf5+ Nf6 33. Qc8+ Ne8 34. Qf5+ Ke7 35. Qg5+ Kd7 36. Qg4+ Kc6 37. Qxh4
Nd6 38. Qd4 a5 39. bxa5 Qxa5 40. Ne3 Qa2 41. h4 g6 42. Kh2 Qb3 43. Kh3 Qa2
44. Kg4 Nf5 45. Nxf5 gxf5+ 46. Kg3 Qe2 47. h5 Qe1+ 48. Kf4 Qh4+ 49. g4 fxg4
50. fxg4 Qh2+ 51. Kg5 Kd6 52. h6 Qc2 53. Kf6 c5 54. Qe5+ Kc6 55. Kg7 b4 56.
h7 1-0

[Event "Tan Zhongyi-Dzagnidze m"]
[Site "Wenzhou CHN"]
[Date "2018.08.14"]
[Round "4"]
[White "Tan Zhongyi"]
[Black "Dzagnidze,N"]
[Result "0-1"]
[WhiteElo "2530"]
[BlackElo "2519"]
[EventDate "2018.08.10"]

1. e4 c6 2. d4 d5 3. e5 c5 4. dxc5 Nc6 5. Nf3 Bg4 6. Bb5 e6 7. b4 a5 8. c3
f6 9. h3 Bxf3 10. Qxf3 Be7 11. O-O fxe5 12. Qh5+ Kf8 13. Bxc6 bxc6 14. Qxe5
axb4 15. Qxe6 Bf6 16. Bf4 Qc8 17. Bd6+ Ne7 18. Qe3 Kf7 19. Bxe7 Re8 20. Qf4
Rxe7 21. Qxb4 Qb7 22. Qf4 Qb2 23. Nd2 g5 24. Qf5 Qxd2 25. Qxh7+ Kf8 26.
Qh6+ Kf7 27. Qh7+ Kf8 28. Qg6 Qf4 29. Rae1 Be5 30. g3 Qf6 31. Qc2 Ra3 32.
f4 gxf4 33. Rxe5 Qxe5 34. Rxf4+ Rf7 35. Rxf7+ Kxf7 36. Qh7+ Qg7 37. Qf5+
Qf6 38. Qd7+ Kg6 39. Qe8+ Kh6 0-1